000 00308nam a2200145Ia 4500
100 _aNathani/ Firoz
942 _cBK
654 _acomputer
245 _aVijay mukhis Last word on C++
260 _bVision Books
_c1994
082 _a005.133'C++'
_bMU
300 _a484
546 _aENGLISH
999 _c30306
_d30306